UM Logo

Primary English: knowledge and understanding/ (Record no. 16666)

MARC details
000 -LEADER
fixed length control field 01253cam a22003615i 4500
001 - CONTROL NUMBER
control field 21835862
003 - CONTROL NUMBER IDENTIFIER
control field OSt
005 - DATE AND TIME OF LATEST TRANSACTION
control field 20220304102417.0
008 - FIXED-LENGTH DATA ELEMENTS--GENERAL INFORMATION
fixed length control field 201210s2021 cau 000 0 eng
010 ## - LIBRARY OF CONGRESS CONTROL NUMBER
LC control number 2020951803
020 ## - INTERNATIONAL STANDARD BOOK NUMBER
International Standard Book Number 9781529709780
Qualifying information (paperback)
020 ## - INTERNATIONAL STANDARD BOOK NUMBER
Canceled/invalid ISBN 9781529756890
Qualifying information (epub)
040 ## - CATALOGING SOURCE
Original cataloging agency DLC
Language of cataloging eng
Description conventions rda
Transcribing agency DLC
042 ## - AUTHENTICATION CODE
Authentication code pcc
082 ## - DEWEY DECIMAL CLASSIFICATION NUMBER
Edition number 2021
Classification number DC 372.60440941
Item number M469
100 1# - MAIN ENTRY--PERSONAL NAME
Personal name Medwell, Jane,
Relator term author.
9 (RLIN) 44481
245 10 - TITLE STATEMENT
Title Primary English: knowledge and understanding/
Statement of responsibility, etc. Jane Medwell, David Wray, George Moore, Vivienne Griffiths, authors
250 ## - EDITION STATEMENT
Edition statement Ninth edition
263 ## - PROJECTED PUBLICATION DATE
Projected publication date 2103
264 #1 - PRODUCTION, PUBLICATION, DISTRIBUTION, MANUFACTURE, AND COPYRIGHT NOTICE
Place of production, publication, distribution, manufacture Thousand Oaks:
Name of producer, publisher, distributor, manufacturer Sage,
Date of production, publication, distribution, manufacture, or copyright notice ©2021.
300 ## - PHYSICAL DESCRIPTION
Extent vi, 362 pages:
Other physical details illustrations;
Dimensions 24 cm.
336 ## - CONTENT TYPE
Content type term text
Content type code txt
Source rdacontent
337 ## - MEDIA TYPE
Media type term unmediated
Media type code n
Source rdamedia
338 ## - CARRIER TYPE
Carrier type term volume
Carrier type code nc
Source rdacarrier
500 ## - GENERAL NOTE
General note Includes glossary, bibliographical references and index.
650 ## - SUBJECT ADDED ENTRY--TOPICAL TERM
Topical term or geographic name as entry element English language -- Study and teaching (Elementary) -- Great Britain
9 (RLIN) 44482
700 ## - ADDED ENTRY--PERSONAL NAME
Personal name Wray, David,
Relator term author
9 (RLIN) 44483
700 ## - ADDED ENTRY--PERSONAL NAME
Personal name Moore, George,
Relator term author
9 (RLIN) 44484
700 ## - ADDED ENTRY--PERSONAL NAME
Personal name Griffiths, Vivienne
Relator term author
9 (RLIN) 44485
906 ## - LOCAL DATA ELEMENT F, LDF (RLIN)
a 0
b ibc
c orignew
d 2
e epcn
f 20
g y-gencatlg
942 ## - ADDED ENTRY ELEMENTS (KOHA)
Source of classification or shelving scheme Dewey Decimal Classification
Koha item type Circulation
Holdings
Withdrawn status Lost status Source of classification or shelving scheme Damaged status Not for loan Collection code Home library Current library Date acquired Source of acquisition Cost, normal purchase price Total Checkouts Full call number Barcode Date last seen Price effective from Koha item type
    Dewey Decimal Classification     Circulation UM Digos College - LIC UM Digos College - LIC 02/10/2022 Purchased 3299.00   DC 372.60440941 M469 2021 26450 05/15/2025 03/04/2022 Circulation